000 00335nam a22001457a 4500
008 221006b ||||| |||| 00| 0 eng d
020 _a9781138914438
041 _aeng
080 _2third edition
_a572
082 _a572 ELLER
100 _a44.1
101 _aANTR
245 _aCULTURAL ANTHROPOLOGY
_cELLER .J.D
942 _2udc
_cBK
999 _c58373
_d58373